[Event "DVM U14w 2003"]
[Site "Greifswald GER"]
[Date "2003.12.27"]
[Round "1"]
[White "Ohme, Melanie"]
[Black "Mucha, Annegret"]
[Result "1-0"]
[Termination "normal"]
[Board "1.1"]
[WhiteElo "1948"]
[BlackElo "1554"]
[WhiteTeam "SC Leipzig-Gohlis"]
[BlackTeam "SV Empor Erfurt"]
[PlyCount "69"]
[WhiteFideId "4690745"]
[BlackFideId "24622788"]
[EventCountry "GER"]
[EventRounds "7"]
[EventType "team-swiss"]
[EventDate "2003.12.26"]

1. e4 c5 2. Nc3 Nc6 3. g3 g6 4. Bg2 Bg7 5. d3 e6 6. f4 d6 7. Nf3 Nge7 8. O-O
O-O 9. Be3 Rb8 10. d4 cxd4 11. Nxd4 a6 12. Qd2 Qc7 13. Rad1 Rd8 14. a4 d5 15.
exd5 exd5 16. Qf2 Bg4 17. Rd2 Rd6 18. h3 Bc8 19. Rfd1 Be6 20. g4 Nxd4 21. Bxd4
Bxd4 22. Rxd4 Rbd8 23. Qd2 Qc5 24. b4 Qb6 25. a5 Qc6 26. Ne4 dxe4 27. Rxd6 Rxd6
28. Qxd6 Qxc2 29. Qd8+ Kg7 30. Qd4+ f6 31. Bxe4 Qb3 32. Bg2 Nc6 33. Qd6 Nxb4
34. Qe7+ Bf7 35. Rd8 1-0

[Event "DVM U14w 2003"]
[Site "Greifswald GER"]
[Date "2003.12.27"]
[Round "1"]
[White "Bethge, Johanna"]
[Black "Nguyen, Hoa My"]
[Result "0-1"]
[Termination "normal"]
[Board "1.2"]
[WhiteElo "1094"]
[BlackElo "1582"]
[WhiteTeam "SV Empor Erfurt"]
[BlackTeam "SC Leipzig-Gohlis"]
[PlyCount "56"]
[WhiteFideId "24664898"]
[EventCountry "GER"]
[EventRounds "7"]
[EventType "team-swiss"]
[EventDate "2003.12.26"]

1. e4 c5 2. Nf3 d6 3. d4 cxd4 4. Nxd4 Nf6 5. Nc3 a6 6. Be2 e5 7. Nf3 Be6 8. Bg5
h6 9. Bh4 Be7 10. Bxf6 Bxf6 11. O-O g5 12. Nd2 b5 13. Nb3 Nc6 14. Nd5 Bg7 15.
c4 bxc4 16. Bxc4 Nd4 17. Nxd4 exd4 18. Qd3 a5 19. f4 Rb8 20. b3 g4 21. Rfe1 Kf8
22. f5 Bxd5 23. Bxd5 Be5 24. Qc4 Rc8 25. Qe2 Bxh2+ 26. Kxh2 Qh4+ 27. Kg1 g3 28.
Qd3 Qh2+ 0-1

[Event "DVM U14w 2003"]
[Site "Greifswald GER"]
[Date "2003.12.27"]
[Round "1"]
[White "Riedel, Kristina"]
[Black "Friedrichs, Anne-Kathrin"]
[Result "1-0"]
[Termination "normal"]
[Board "1.3"]
[WhiteElo "1467"]
[BlackElo "1142"]
[WhiteTeam "SC Leipzig-Gohlis"]
[BlackTeam "SV Empor Erfurt"]
[PlyCount "63"]
[WhiteFideId "24659282"]
[EventCountry "GER"]
[EventRounds "7"]
[EventType "team-swiss"]
[EventDate "2003.12.26"]

1. e4 e5 2. Nf3 Nc6 3. d4 d6 4. Bb5 Bd7 5. O-O Qf6 6. d5 Nce7 7. Bxd7+ Kxd7 8.
c4 c6 9. dxc6+ bxc6 10. Nc3 c5 11. Bg5 Qg6 12. Nxe5+ Kc7 13. Nxg6 Nxg6 14. Nb5+
Kd7 15. Qd5 Rb8 16. Qxf7+ N6e7 17. Rfd1 Rb6 18. e5 Nh6 19. Bxh6 gxh6 20. Rxd6+
Rxd6 21. exd6 a6 22. dxe7 Bxe7 23. Rd1+ Kc6 24. Na7+ Kb6 25. Qxe7 Rb8 26. Rd6+
Ka5 27. Nc6+ Ka4 28. Nxb8 Kb4 29. Nxa6+ Ka5 30. Qc7+ Ka4 31. Qxc5 h5 32. Qb4#
1-0

[Event "DVM U14w 2003"]
[Site "Greifswald GER"]
[Date "2003.12.27"]
[Round "1"]
[White "Pantlowsky, Luisa"]
[Black "Perlick, Maria"]
[Result "0-1"]
[Termination "normal"]
[Board "1.4"]
[WhiteElo "726"]
[BlackElo "1173"]
[WhiteTeam "SV Empor Erfurt"]
[BlackTeam "SC Leipzig-Gohlis"]
[PlyCount "66"]
[EventCountry "GER"]
[EventRounds "7"]
[EventType "team-swiss"]
[EventDate "2003.12.26"]

1. e4 e6 2. Nf3 d5 3. exd5 exd5 4. d3 Nf6 5. Bg5 Be7 6. g3 O-O 7. Bg2 c6 8.
Nbd2 Bg4 9. Nb3 Nbd7 10. Qd2 Re8 11. O-O-O c5 12. Rhe1 Rc8 13. h3 Bf5 14. Re2
b6 15. Rde1 c4 16. dxc4 Rxc4 17. c3 Be4 18. Qe3 Rc6 19. Nbd2 Re6 20. Nxe4 Rxe4
21. Qd3 Rxe2 22. Rxe2 h6 23. Bxf6 Nxf6 24. Nd4 Bc5 25. Rxe8+ Qxe8 26. Nb3 Bxf2
27. Bxd5 Nxd5 28. Qxd5 Bxg3 29. Qb7 Qe1+ 30. Kc2 Qe2+ 31. Kc1 Bf4+ 32. Kb1 Qd1+
33. Nc1 Qxc1# 0-1

[Event "DVM U14w 2003"]
[Site "Greifswald GER"]
[Date "2003.12.27"]
[Round "1"]
[White "Post, Julia"]
[Black "Zemella, Jennifer"]
[Result "0-1"]
[Termination "normal"]
[Board "2.1"]
[WhiteElo "1172"]
[BlackElo "1600"]
[WhiteTeam "SK Gräfelfing"]
[BlackTeam "SG Porz"]
[PlyCount "140"]
[BlackFideId "24636096"]
[EventCountry "GER"]
[EventRounds "7"]
[EventType "team-swiss"]
[EventDate "2003.12.26"]

1. e4 c5 2. Nf3 d6 3. d3 Nf6 4. Nc3 e6 5. Bg5 Be7 6. Be2 a6 7. O-O b5 8. a3 Bb7
9. h3 O-O 10. Re1 Qc7 11. Bf4 Nbd7 12. b3 Rfe8 13. Qc1 Rad8 14. Na2 Nf8 15. c4
Ng6 16. Be3 Nd7 17. Qc2 bxc4 18. bxc4 h6 19. Rab1 Rb8 20. Rec1 Nde5 21. Nc3 Nc6
22. Qd2 Bf6 23. Bf4 Nxf4 24. Qxf4 Nd4 25. Qg3 Qa5 26. Nxd4 Bxd4 27. Rb3 Ba8 28.
Rxb8 Rxb8 29. Nb1 Be5 30. f4 Bb2 31. Rd1 Qa4 32. f5 Be5 33. Qg4 exf5 34. exf5
Qc2 35. Nd2 Re8 36. Ne4 Bxe4 37. dxe4 Bd4+ 38. Kh2 Rxe4 39. Bd3 Rxg4 40. Bxc2
Be5+ 41. Kg1 Rxc4 42. Bd3 Ra4 43. Rb1 d5 44. Re1 Bd4+ 45. Kh2 Kf8 46. Rb1 Be5+
47. Kg1 Rxa3 48. Be2 c4 49. Rd1 Ra1 50. Rxa1 Bxa1 51. Kf2 Ke7 52. Ke3 Kd6 53.
g4 Kc5 54. Bf1 Kb4 55. Kd2 d4 56. Be2 Bc3+ 57. Kd1 d3 58. Bf3 Bd4 59. Kd2 Bf6
60. Bd5 Bg5+ 61. Kd1 c3 62. Be4 c2+ 63. Ke1 c1=Q+ 64. Kf2 Qe3+ 65. Kg2 Bh4 66.
Bf3 Qf2+ 67. Kh1 Bg3 68. Bg2 d2 69. h4 d1=R+ 70. Bf1 Qh2# 0-1

[Event "DVM U14w 2003"]
[Site "Greifswald GER"]
[Date "2003.12.27"]
[Round "1"]
[White "Gossmann, Anna Maria"]
[Black "Bothe, Lea"]
[Result "0-1"]
[Termination "normal"]
[Board "2.2"]
[WhiteElo "1502"]
[BlackElo "1259"]
[WhiteTeam "SG Porz"]
[BlackTeam "SK Gräfelfing"]
[PlyCount "108"]
[EventCountry "GER"]
[EventRounds "7"]
[EventType "team-swiss"]
[EventDate "2003.12.26"]

1. e4 e5 2. Nf3 Nc6 3. Bc4 Bc5 4. d3 Nf6 5. Nc3 d6 6. Bg5 Be6 7. Bb3 Nd4 8.
Nxd4 Bxd4 9. Qd2 c6 10. O-O-O Qa5 11. Kb1 Nd7 12. f3 Nc5 13. Bxe6 Nxe6 14. Be3
Bxc3 15. Qxc3 Qxc3 16. bxc3 O-O 17. d4 f6 18. Ka1 a6 19. dxe5 dxe5 20. Rd7 b5
21. Rd6 Nf4 22. g3 Ng6 23. Rxc6 Rfc8 24. Rxc8+ Rxc8 25. Kb2 Rd8 26. Rf1 Rd6 27.
Kc1 Rc6 28. Bd2 h5 29. f4 Rc4 30. Re1 exf4 31. gxf4 Nh4 32. Re3 f5 33. e5 Rxf4
34. e6 Kf8 35. Rd3 Rg4 36. Be3 Ng6 37. Bc5+ Ke8 38. Rd6 Re4 39. Rxa6 Kd8 40.
Ra8+ Kc7 41. Re8 f4 42. e7 f3 43. Kd1 Re5 44. Bb6+ Kb7 45. Rg8 Nxe7 46. Bd4 f2
47. Rf8 Re1+ 48. Kd2 f1=Q 49. Rxf1 Rxf1 50. Bxg7 Rf2+ 51. Kd3 Rxh2 52. Be5 Rg2
53. a3 h4 54. Bf6 h3 0-1

[Event "DVM U14w 2003"]
[Site "Greifswald GER"]
[Date "2003.12.27"]
[Round "1"]
[White "Bothe, Ann-Marie"]
[Black "Karmann, Anna"]
[Result "0-1"]
[Termination "normal"]
[Board "2.3"]
[WhiteElo "814"]
[BlackElo "1458"]
[WhiteTeam "SK Gräfelfing"]
[BlackTeam "SG Porz"]
[PlyCount "86"]
[BlackFideId "24648000"]
[EventCountry "GER"]
[EventRounds "7"]
[EventType "team-swiss"]
[EventDate "2003.12.26"]

1. e4 e5 2. Nf3 Nc6 3. d4 exd4 4. Nxd4 Bc5 5. Be3 Qf6 6. c3 Nge7 7. Bc4 O-O 8.
Nxc6 Qxc6 9. Bxc5 Qxc5 10. Qd4 Qg5 11. g3 Qc1+ 12. Qd1 Qxb2 13. Nd2 Qxc3 14.
Qc1 Qxc1+ 15. Rxc1 d6 16. Bb3 c6 17. O-O Be6 18. Rfd1 Bxb3 19. Nxb3 Rfd8 20.
Na5 Rd7 21. e5 d5 22. Nc4 b6 23. Rc3 Rad8 24. Nd6 f6 25. exf6 gxf6 26. Nf5 Nxf5
27. Rxc6 Kf7 28. Rd3 Ne7 29. Rcc3 Rc8 30. Rxc8 Nxc8 31. g4 Ne7 32. Rh3 Kg7 33.
Kf1 Ng6 34. Rg3 d4 35. Ke2 Ne5 36. f4 d3+ 37. Kd2 Nc4+ 38. Kd1 d2 39. Rb3 a5
40. h4 a4 41. Rb1 Ne3+ 42. Ke2 d1=Q+ 43. Rxd1 Nxd1 0-1

[Event "DVM U14w 2003"]
[Site "Greifswald GER"]
[Date "2003.12.27"]
[Round "1"]
[White "Hiller, Eugenia"]
[Black "Dobrinevski, Anastassia"]
[Result "1-0"]
[Termination "normal"]
[Board "2.4"]
[WhiteElo "1208"]
[BlackElo "790"]
[WhiteTeam "SG Porz"]
[BlackTeam "SK Gräfelfing"]
[PlyCount "79"]
[EventCountry "GER"]
[EventRounds "7"]
[EventType "team-swiss"]
[EventDate "2003.12.26"]

1. d4 d5 2. c4 dxc4 3. e3 Nf6 4. Bxc4 e6 5. Nc3 Bb4 6. a3 Bxc3+ 7. bxc3 Nc6 8.
Nf3 O-O 9. O-O a6 10. Qc2 h6 11. Rd1 Qd6 12. a4 Rd8 13. Ba3 Qd7 14. e4 Qe8 15.
e5 Nd5 16. Bd3 Bd7 17. c4 Nce7 18. Rab1 Bxa4 19. Qb2 Bxd1 20. Rxd1 Nf4 21. Be4
Rab8 22. Qd2 Nfg6 23. Rb1 b5 24. cxb5 Rxb5 25. Rxb5 Qxb5 26. Qc2 f5 27. exf6
Nf5 28. fxg7 Kxg7 29. Qxc7+ Kg8 30. Qxd8+ Kh7 31. Bxf5 exf5 32. h3 a5 33. d5 a4
34. d6 Qb3 35. Qc7+ Kh8 36. d7 Qd1+ 37. Kh2 Qxd7 38. Qxd7 Nf8 39. Bb2+ Kg8 40.
Qg7# 1-0

[Event "DVM U14w 2003"]
[Site "Greifswald GER"]
[Date "2003.12.27"]
[Round "1"]
[White "Zikeli, Saskia"]
[Black "Goergen, Barbara"]
[Result "1/2-1/2"]
[Termination "normal"]
[Board "3.1"]
[WhiteElo "1867"]
[BlackElo "1759"]
[WhiteTeam "TSV Heumaden"]
[BlackTeam "SF Hörden"]
[PlyCount "41"]
[WhiteFideId "24601543"]
[EventCountry "GER"]
[EventRounds "7"]
[EventType "team-swiss"]
[EventDate "2003.12.26"]

1. e4 c5 2. Nf3 e6 3. d4 cxd4 4. Nxd4 Nc6 5. Nb5 d6 6. c4 a6 7. N5c3 Nf6 8. Be3
Be7 9. Be2 O-O 10. O-O Qc7 11. Na3 Bd7 12. Rc1 Rac8 13. f3 Qb8 14. Qd2 Ne5 15.
Rfd1 Bc6 16. Nc2 Rfd8 17. Nd4 d5 18. cxd5 exd5 19. Nf5 Bf8 20. exd5 Nxd5 21.
Bd4 1/2-1/2

[Event "DVM U14w 2003"]
[Site "Greifswald GER"]
[Date "2003.12.27"]
[Round "1"]
[White "Bochis, Julia"]
[Black "Sandrou, Tina"]
[Result "1-0"]
[Termination "normal"]
[Board "3.2"]
[WhiteElo "1172"]
[BlackElo "1266"]
[WhiteTeam "SF Hörden"]
[BlackTeam "TSV Heumaden"]
[PlyCount "87"]
[WhiteFideId "24647276"]
[EventCountry "GER"]
[EventRounds "7"]
[EventType "team-swiss"]
[EventDate "2003.12.26"]

1. e4 c5 2. Nf3 e6 3. d4 cxd4 4. Nxd4 Nf6 5. Nc3 Nc6 6. Be2 Bb4 7. Qd3 Bxc3+ 8.
bxc3 d5 9. exd5 exd5 10. Qe3+ Ne7 11. Ba3 Bd7 12. O-O Rc8 13. f3 Rc7 14. Bd6
Rc8 15. Rfe1 Bc6 16. Nf5 Rc7 17. Bxc7 Qxc7 18. Bd3 O-O 19. Nxe7+ Kh8 20. Nxc6
Qxc6 21. Qd4 g6 22. Bb5 Qxb5 23. Qxf6+ Kg8 24. Rab1 Qc5+ 25. Qd4 Qc6 26. h4 b6
27. h5 gxh5 28. Re5 Qg6 29. Qd3 Qg3 30. Rxh5 Re8 31. Qxh7+ Kf8 32. Qh8+ Ke7 33.
Qe5+ Qxe5 34. Rxe5+ Kd7 35. Rxe8 Kxe8 36. Rd1 Ke7 37. Rxd5 Ke6 38. Rd8 Ke5 39.
Ra8 f5 40. Rxa7 b5 41. Ra5 Kf4 42. Rxb5 Kg3 43. a4 f4 44. a5 1-0

[Event "DVM U14w 2003"]
[Site "Greifswald GER"]
[Date "2003.12.27"]
[Round "1"]
[White "Fröschle, Luzie"]
[Black "Immer, Carina"]
[Result "1-0"]
[Termination "normal"]
[Board "3.3"]
[WhiteElo "1182"]
[BlackElo "896"]
[WhiteTeam "TSV Heumaden"]
[BlackTeam "SF Hörden"]
[PlyCount "107"]
[WhiteFideId "24631221"]
[EventCountry "GER"]
[EventRounds "7"]
[EventType "team-swiss"]
[EventDate "2003.12.26"]

1. d4 d5 2. c4 dxc4 3. Nf3 Nf6 4. Nc3 e6 5. Bg5 Be7 6. e3 Nc6 7. Bxc4 h6 8. Bh4
O-O 9. Rc1 b6 10. O-O a5 11. Bb5 Nb4 12. a3 Nbd5 13. Qc2 Ba6 14. Bxa6 Rxa6 15.
Bxf6 Bxf6 16. Nxd5 exd5 17. Qxc7 Qxc7 18. Rxc7 Raa8 19. Rfc1 Kh7 20. Rb7 Rab8
21. Rbc7 g5 22. R1c6 Kg6 23. Ne5+ Kg7 24. Nd7 Bd8 25. Ra7 Bf6 26. Nxf6 Rbc8 27.
Nh5+ Kh7 28. Rac7 Rxc7 29. Rxc7 Kg6 30. Ng3 f5 31. Rc6+ Kh7 32. Ne2 b5 33. Nc3
b4 34. axb4 axb4 35. Nxd5 Ra8 36. g3 Ra5 37. Nxb4 Ra1+ 38. Kg2 Rb1 39. Nd3 Rd1
40. Rc3 Ra1 41. b4 Ra8 42. b5 Rb8 43. Rc5 Kg6 44. Ne5+ Kf6 45. Nd7+ Ke6 46.
Nxb8 Kd6 47. b6 Ke6 48. b7 f4 49. Na6 fxe3 50. fxe3 h5 51. b8=Q h4 52. Qb6+ Kd7
53. Rc7+ Kd8 54. Qb8# 1-0

[Event "DVM U14w 2003"]
[Site "Greifswald GER"]
[Date "2003.12.27"]
[Round "1"]
[White "Meyer, Sandra"]
[Black "Wolf, Carolin"]
[Result "1-0"]
[Termination "normal"]
[Board "4.2"]
[WhiteElo "1231"]
[BlackElo "1221"]
[WhiteTeam "SK König Plauen"]
[BlackTeam "SV Glück Auf Rüdersdorf"]
[PlyCount "81"]
[BlackFideId "24628034"]
[EventCountry "GER"]
[EventRounds "7"]
[EventType "team-swiss"]
[EventDate "2003.12.26"]

1. e4 d5 2. exd5 Nf6 3. Nc3 Nxd5 4. Nf3 Nxc3 5. bxc3 Bg4 6. h3 Bh5 7. Be2 e6 8.
O-O Bd6 9. d4 O-O 10. Be3 Qc8 11. Re1 c5 12. dxc5 Bxc5 13. Bxc5 Qxc5 14. Qd4
Qxd4 15. cxd4 Nc6 16. g4 Bg6 17. c3 Rac8 18. Rac1 Ne7 19. Ne5 Nd5 20. c4 Nf4
21. Kh2 h6 22. Nxg6 Nxg6 23. Bf3 b6 24. c5 bxc5 25. dxc5 Rfd8 26. Rc2 Nf4 27.
Rd1 Rxd1 28. Bxd1 Nd3 29. c6 Nb4 30. Rc4 Rxc6 31. Rxb4 Rc1 32. Rd4 Kf8 33. Kg2
Ke7 34. Bb3 Rc3 35. Ra4 Rc8 36. h4 Kf6 37. Ra5 g5 38. hxg5+ hxg5 39. f3 Rc7 40.
Kg3 Rc3 41. Rxa7 1-0

[Event "DVM U14w 2003"]
[Site "Greifswald GER"]
[Date "2003.12.27"]
[Round "1"]
[White "Heider, Julia"]
[Black "Walker, Maria"]
[Result "0-1"]
[Termination "normal"]
[Board "4.3"]
[WhiteElo "718"]
[BlackElo "1104"]
[WhiteTeam "SV Glück Auf Rüdersdorf"]
[BlackTeam "SK König Plauen"]
[PlyCount "46"]
[EventCountry "GER"]
[EventRounds "7"]
[EventType "team-swiss"]
[EventDate "2003.12.26"]

1. e4 c5 2. Nf3 d6 3. Nc3 Nc6 4. d4 cxd4 5. Nxd4 a6 6. Be3 Nf6 7. Qd2 e6 8.
O-O-O Be7 9. Be2 Qc7 10. f4 b5 11. g4 Bb7 12. g5 Nd7 13. h4 Nc5 14. h5 b4 15.
Nb1 Nxe4 16. Qd3 Nc5 17. Qd2 Nxd4 18. Rh2 Nxe2+ 19. Qxe2 Bd5 20. g6 fxg6 21.
hxg6 h6 22. Qh5 Bxa2 23. Nd2 Nd3# 0-1

[Event "DVM U14w 2003"]
[Site "Greifswald GER"]
[Date "2003.12.27"]
[Round "1"]
[White "Vales, Laura"]
[Black "Billing, Tanja"]
[Result "0-1"]
[Termination "normal"]
[Board "5.2"]
[WhiteElo "1194"]
[BlackElo "1394"]
[WhiteTeam "SV Motor Eberswalde"]
[BlackTeam "SC Schwabmünchen"]
[PlyCount "90"]
[BlackFideId "24647993"]
[EventCountry "GER"]
[EventRounds "7"]
[EventType "team-swiss"]
[EventDate "2003.12.26"]

1. d4 d5 2. e3 c5 3. c3 Nf6 4. Nf3 e6 5. Bd3 Bd6 6. Nbd2 O-O 7. O-O Nc6 8. Re1
e5 9. dxe5 Nxe5 10. Nxe5 Bxe5 11. f4 Bc7 12. Nf3 Re8 13. b3 Bg4 14. Bb2 Bb6 15.
h3 Be6 16. Kh1 Ne4 17. Bxe4 dxe4 18. Ne5 f6 19. Ng4 Bxg4 20. Qxg4 Qd2 21. Qe2
Rad8 22. Qxd2 Rxd2 23. Ba3 Red8 24. b4 cxb4 25. Bxb4 a5 26. Ba3 R8d3 27. Bc1
Rd1 28. Rxd1 Rxd1+ 29. Kh2 Bxe3 30. Bb2 Bxf4+ 31. g3 Rd2+ 32. Kh1 Bxg3 33. Ba3
e3 34. Bc5 e2 35. Be3 Rd1+ 36. Rxd1 exd1=Q+ 37. Kg2 Qe2+ 38. Kxg3 Qxe3+ 39. Kg2
f5 40. c4 f4 41. a4 f3+ 42. Kg3 f2+ 43. Kg4 f1=Q 44. h4 Qff4+ 45. Kh5 Qee5# 0-1

[Event "DVM U14w 2003"]
[Site "Greifswald GER"]
[Date "2003.12.27"]
[Round "1"]
[White "Kassemek, Judith"]
[Black "Muschak, Theresia"]
[Result "0-1"]
[Termination "normal"]
[Board "5.4"]
[WhiteElo "1035"]
[BlackElo "864"]
[WhiteTeam "SV Motor Eberswalde"]
[BlackTeam "SC Schwabmünchen"]
[PlyCount "136"]
[EventCountry "GER"]
[EventRounds "7"]
[EventType "team-swiss"]
[EventDate "2003.12.26"]

1. e4 e5 2. Nf3 Nc6 3. Bc4 Bc5 4. c3 Bb6 5. d4 exd4 6. cxd4 Ba5+ 7. Nc3 Nf6 8.
Bd2 d6 9. Ng5 O-O 10. Bd3 Nxd4 11. Nd5 Bxd2+ 12. Qxd2 Nxd5 13. exd5 h6 14. Bh7+
Kh8 15. Qxd4 Qxg5 16. Be4 Re8 17. O-O Bf5 18. Bxf5 Qxf5 19. Rac1 Re4 20. Qd3
Re5 21. Qd4 Rxd5 22. Qb4 Rb5 23. Qh4 c6 24. b3 Qh5 25. Qxh5 Rxh5 26. Rfe1 d5
27. Re7 b5 28. Rxf7 Rc8 29. Rxa7 d4 30. b4 d3 31. h3 d2 32. Rd1 Rd5 33. Re7 c5
34. bxc5 Rcxc5 35. Kf1 Rc2 36. a3 Ra2 37. Ra7 b4 38. Ke2 Rxa3 39. Rxa3 bxa3 40.
Ra1 d1=Q+ 41. Rxd1 Rxd1 42. Kxd1 a2 43. Ke2 a1=Q 44. g3 Qa2+ 45. Ke3 Qe6+ 46.
Kf3 Qxh3 47. Kf4 Qg2 48. f3 g5+ 49. Kg4 Qf2 50. f4 gxf4 51. gxf4 Qg2+ 52. Kf5
Qg8 53. Ke5 Qf8 54. f5 h5 55. Kf4 Qf6 56. Ke4 h4 57. Kf4 Kh7 58. Kg4 Kh6 59.
Kf4 Kh5 60. Ke4 Kg4 61. Kd3 Qxf5+ 62. Kd4 h3 63. Ke3 h2 64. Kd2 h1=Q 65. Kc3
Qc5+ 66. Kd3 Qd1+ 67. Ke4 Qcd5+ 68. Ke3 Q1f3# 0-1

[Event "DVM U14w 2003"]
[Site "Greifswald GER"]
[Date "2003.12.27"]
[Round "1"]
[White "Feist, Andra"]
[Black "Adomeit, Lena"]
[Result "1/2-1/2"]
[Termination "normal"]
[Board "6.2"]
[WhiteElo "1392"]
[BlackElo "817"]
[WhiteTeam "Franckesche Stiftungen Halle"]
[BlackTeam "TTC GW Fritzdorf 58"]
[PlyCount "64"]
[BlackFideId "24659363"]
[EventCountry "GER"]
[EventRounds "7"]
[EventType "team-swiss"]
[EventDate "2003.12.26"]

1. e4 e5 2. Nf3 Nc6 3. Bc4 Bc5 4. d3 d6 5. h3 Bd7 6. O-O Qe7 7. Bg5 f6 8. Be3
Bxe3 9. fxe3 O-O-O 10. Nc3 a6 11. Nd5 Qe8 12. c3 Nge7 13. Nd2 Rf8 14. Qb3 Na5
15. Qa3 Nxc4 16. Nxc4 Nxd5 17. exd5 Bb5 18. b4 Qg6 19. Rad1 f5 20. Qb3 f4 21.
exf4 exf4 22. a4 f3 23. Rf2 Bxc4 24. Qxc4 Qg3 25. Qg4+ Qxg4 26. hxg4 fxg2 27.
Kxg2 Rxf2+ 28. Kxf2 Re8 29. c4 b6 30. Kf3 Kb7 31. d4 c6 32. dxc6+ Kxc6 1/2-1/2